Name zodiac signs - Statistics

General Stats
  • This quiz has been taken 19 times
  • The average score is 11 of 12
Answer Stats
Hint Answer % Correct
Fishes Pisces
100%
Waterman Aquarius
95%
Crab Cancer
95%
Goat Capricorn
95%
Bull Taurus
95%
Virgin Virgo
95%
Ram Aries
89%
Twins Gemini
89%
Lion Leo
89%
Archer Sagittarius
89%
Scorpion Scorpio
89%
Balance Libra
74%
No matching quizzes found
Score Distribution
Percent of People with Each Score
Percentile by Number Answered
Your Score History
You have not taken this quiz